| 000 | 00329 a2200097 4500 | ||
|---|---|---|---|
| 050 |
_aBV3797.T64 _bT64 1967 |
||
| 245 |
_aThe Tozer pulpit : _bselections from his pulpit ministry / _ccompiled by Gerald B. Smith. |
||
| 260 |
_aHarrisburg, Pennsylvania : _bChristian Publication, _cc1967. |
||
| 300 |
_a158 p. : _c19 cm. |
||
| 942 |
_2lcc _cBK _n0 |
||
| 999 |
_c1032 _d1032 |
||